000 00348pab a2200145 454500
008 180718b1995 xxu||||| |||| 00| 0 eng d
245 _aREVIEW of agriculture
260 _c1995
300 _ap.A-134-80
362 _a30 Dec
650 _aAgriculture - India
650 _aAgriculture
773 _aEconomic and Political Weekly
909 _a30399
999 _c30399
_d30399